Football Vocabulary in Italian - Statistics

General Stats
  • This quiz has been taken 29 times
    8 since last reset
  • The average score is 36 of 60
Answer Stats
Italiano English % Correct
Il calcio football, soccer
100%
Una partita game, match
100%
La porta goal
100%
Il portiere goalkeeper
100%
stadio stadium
100%
Una squadra team
100%
Che gol! what a goal!
100%
La palla ball
86%
Un capitano captain
86%
Il presidente chairman, president
86%
Lo angolo corner kick
86%
Il primo tempo first half
86%
testa header
86%
perso lost
86%
Il centrocampista midfielder
86%
Il cartellino rosso red card
86%
Il secondo tempo second half
86%
La Coppa del Mondo world cup
86%
Il cartellino giallo yellow card
86%
L´allenatore coach
71%
Il difensore defender
71%
Il tempo supplementare extra time
71%
Il tifoso fan
71%
punizione free kick
71%
Il fuori gioco offside
71%
rigore penalty
71%
L´arbitro referee
71%
La maglia shirt
71%
L´attaccante striker, forward
71%
Che parata! what a save!
71%
vinto won
71%
pareggiato draw
57%
Un calciatore football player
57%
curva nord north curve
57%
campo pitch
57%
Il tempo regolare regular time
57%
curva sud south curve
57%
Un sostituo substitute
57%
Un regista deep-lying playmaker
43%
La bandiera flag
43%
fallo foul
43%
mano hand-ball
43%
Un teppista hooligan, thug
43%
Il recupero recovery
43%
La sciarpa scarf
43%
La tribuna bench
29%
La pausa break
29%
Campionato europeo di calcio euros, european championship
29%
intervallo half time
29%
abbonato season ticket holder, member
29%
Le gradinate stands, terraces
29%
lancio in avanti throw in
29%
Il fischio whistle
29%
Un'ala winger
29%
calcio di punizione direct free kick
14%
punizione di seconda indirect free kick
14%
una guardalinee/linea linesman
14%
Mandalo a casa! send him off!
14%
I cori songs
14%
I diritti televisivi television rights
14%
No matching quizzes found
Score Distribution
Percent of People with Each Score
Percentile by Number Answered
Your Score History
You have not taken this quiz since the last reset